[Event "Stay Safe Play From Home 197"]
[Site "T#646544Emanuel Laske"]
[Date "2020.06.03"]
[Round "6"]
[White "SoulofWolf"]
[Black "Lamborghini"]
[Result "0-1"]
[WhiteElo "2213"]
[BlackElo "2181"]
[Annotator "TA"]
[PlyCount "100"]
[EventDate "2020.06.03"]
[EventType "swiss (blitz)"]

{[%evp 9,99,-43,2,0,17,14,31,5,62,-12,69,11,12,0,14,15,77,79,121,0,218,-111,-120,-114,-17,-89,-18,-57,-43,-100,-81,-79,12,3,12,-86,-91,-107,16,-68,-73,-82,0,-52,29,-33,21,-4,180,36,29,0,0,0,25,-161,580,613,527,-303,658,-309,-297,-293,162,-548,-369,-618,-565,-1880,-1253,-1229,-1225,-1163,-751,-725,-238,-853,203,-29992,-29993,-29993,1593,-1962,-537,-29999,-29995,-29997,-29998,-29998,-29999,-29999]} 1. d4 Nf6 2. Nf3 g6 3. c4 Bg7 4. Bg5 O-O 5. Nbd2 {[#]} Ne8 $146 ({Predecessor:} 5... d6 6. h3 Qe8 7. Qc2 c6 8. e3 a6 9. a4 c5 10. d5 Nbd7 11. Bd3 e6 12. Ne4 exd5 13. Nxd6 {0-1 (60) Guenther,F (1255)-Kroh,F (1277) Magdeburg 2016}) 6. Qc2 {E60: King's Indian: Unusual lines and Fianchetto Variation without Nc3.} f6 7. Bh4 c5 8. e3 {White is slightly better.} Nc6 (8... cxd4 $11 9. exd4 (9. Nxd4 Nc6 $11) 9... d6) 9. a3 (9. d5 $14) 9... Nd6 (9... cxd4 $11 10. Nxd4 Nxd4 11. exd4 d5) 10. Bd3 ({White should play} 10. d5 $14) 10... cxd4 $11 11. exd4 e6 12. O-O Nf5 (12... Ne7 $11 {keeps the balance.}) 13. Bxf5 $1 $16 exf5 14. Bg3 ({White must play} 14. d5 $16) 14... g5 $2 (14... d5 $11) 15. h4 $2 (15. Qxf5 $6 Ne7 $16) (15. Bd6 $18) 15... f4 $17 16. Bh2 h6 (16... d5 $17 {And now ...g4 would win.} 17. Nb3 a5) 17. b4 (17. Qb3 $11) 17... d6 (17... d5 $17 18. Rac1 a6) 18. b5 Ne7 19. Rae1 (19. d5 $15) 19... Bf5 20. Qb3 Kh8 (20... Bg6 $17) 21. d5 $1 $36 {[%mdl 2048] Threatening Nd4. White fights for an advantage.} Ng6 22. h5 (22. Nd4 $11 {remains equal.} Qc8 23. Ne6 (23. Nxf5 Qxf5 24. Nf3 Ne5 $11)) 22... Ne5 $17 23. Nd4 Bh7 (23... Bd7 $17) 24. N2f3 ({White should try} 24. Ne6 $11 Qd7 25. g3 (25. Nxf8 Rxf8 26. Rc1 Nd3 $11)) 24... Qd7 $15 25. Ne6 Rf7 (25... Rfc8 $17 26. Rc1 Bf5 27. Nxe5 fxe5 28. Nxg7 Kxg7) 26. Nfd4 (26. g3 $11) 26... Bf8 ({Better is} 26... Rc8 $15 27. Rd1 Rxc4) 27. Rd1 (27. Nxf8 Rfxf8 28. Rc1 Rac8 $17) (27. g3 $11) 27... Re8 (27... Rc8 $15) 28. Rfe1 f3 $2 (28... Rc8 $11 {and Black is okay.}) 29. g4 ({Much less strong is} 29. gxf3 $6 Rc8 $16) (29. Nxf3 $18 {[%cal Rh2e5]} Rc8 30. Bxe5 (30. Nxe5 dxe5 31. g4 b6 $16) 30... dxe5 31. Nd2) 29... Nxg4 $14 30. Bg3 Ne5 31. a4 Bg7 32. c5 $2 (32. Nxf3 $11 Bc2 33. Nxe5 Bxb3 34. Nxd7 Bxd1 35. Rxd1) 32... f5 $4 {[%mdl 8192]} (32... dxc5 $19 33. Nxf3 c4) 33. c6 $18 Qc8 34. Rc1 $4 {[%mdl 8192]} (34. Bxe5 $1 $18 Bxe5 35. Nxf3) 34... b6 $4 {[%mdl 8192]} (34... f4 $19 35. Bh2 Nd3 36. Nxf3 Nxe1 37. Rxe1 Bf5) 35. a5 $4 {[%mdl 8192]} (35. Bxe5 $1 $18 {was the only winning move.} Bxe5 36. Nxf3) 35... f4 $19 36. Bh2 g4 $4 {[%mdl 8192]} ({Weaker is} 36... bxa5 37. Rcd1 $15) (36... Nd3 $19 37. Nxf3 bxa5) 37. Kh1 $4 {[%mdl 8192]} ({Don't blunder} 37. Nxf4 $2 g3 $19) (37. Bxf4 $18 g3 38. Bxg3) 37... g3 {[%mdl 64] Promotion} 38. fxg3 $2 (38. Nxf3 Nd3 39. fxg3 fxg3 40. Nh4 gxh2 41. Ng6+ Bxg6 42. hxg6) 38... f2 39. Rf1 fxg3 40. Bxg3 Be4+ 41. Kh2 {[#]} Rf3 $1 {[%mdl 512]} 42. Rc3 (42. Nxf3 Nxf3+) 42... Rxe6 $2 (42... Rxc3 43. Qxc3 Ng4+ 44. Kh3 Nf6 {[%mdl 64] Double Attack}) 43. dxe6 $2 (43. Nxf3 Re8 44. axb6 axb6 45. Bxe5 Rxe5 {[%mdl 64] Double Attack} 46. Kg3 Bxd5 47. Qa3 Rxh5 48. c7) 43... Ng4+ $4 {[%mdl 8192]} (43... Rxc3 $19 {and all is fine.} 44. Qxc3 Qe8) 44. Kg2 $4 {[%mdl 8192]} (44. Kh3 $18 Rf5 45. Nxf5 Bxf5 46. Kg2 Bxe6 47. Qa3) 44... Rxc3+ 45. Kh3 Qxe6 $4 {[%mdl 8192]} (45... Rxb3 46. Ra1 Bxd4 47. Rc1 Qe8 48. Rc5 dxc5 49. Kh4 Nf6 50. axb6 Qxh5#) 46. Qxc3 $4 {[%mdl 8192] [#]} (46. Qxe6 $18 Nf6 47. Rxf2) 46... Ne3+ (46... Qd5 $142 $1 {[%mdl 512] ( -> ...Bg2+)} 47. Kxg4 Bxd4 48. Qxd4+ Qxd4 49. Bxf2 Qg7+ 50. Kf4 {[#]} Qe5+ $1 {[%mdl 576] Double Attack} 51. Ke3 Bg2+ {[%mdl 64] Discovered Attack} 52. Kd3 Bxf1+ 53. Kc2 Qe2+ 54. Kc3 Qf3+ 55. Kd2 Qxf2+ 56. Kc3 Qe3+ 57. Kb2 Qd2+ 58. Kb3 Bh3 59. Ka3 Be6 60. axb6 axb6 61. c7 Qc3+ {[%mdl 64] Double Attack} 62. Ka4 Qb3#) 47. Kh2 Qg4 {[%cal Re3f1] Black mates.} 48. Rxf2 Qxh5+ 49. Bh4 Qxh4+ {[%mdl 64] Double Attack} 50. Kg1 Qh1# {Accuracy: White = 22%, Black = 27%.} 0-1

[Event "Stay Safe Play From Home 197"]
[Site "T#646544Emanuel Laske"]
[Date "2020.06.03"]
[Round "6"]
[White "Toosieslide"]
[Black "buzaglo"]
[Result "1-0"]
[WhiteElo "2213"]
[BlackElo "1969"]
[Annotator "TA"]
[PlyCount "119"]
[EventDate "2020.06.03"]
[EventType "swiss (blitz)"]

{[%evp 19,119,22,43,16,18,-22,0,0,38,54,29,30,26,-169,-137,-122,24,28,40,33,191,182,180,-378,-371,-347,-211,-496,-428,-420,-406,-374,268,272,860,856,1003,995,1301,1285,29981,29981,4927,1027,1193,1002,960,742,745,704,738,706,712,701,6000,679,704,697,850,864,1255,1254,1192,1187,1143,1149,1243,1123,1292,1318,1430,1429,1341,1332,1311,1287,1119,477,2106,1708,7443,2103,1814,675,644,577,748,707,1012,101,496,81,496,359,1162,955,931,416,29983,190,496,490]} 1. d4 e6 2. c4 d5 3. Nc3 Nf6 4. cxd5 exd5 5. Bg5 c6 6. e3 Be7 7. Bd3 O-O 8. Qc2 Nbd7 9. Nge2 h6 10. Bh4 Ne8 11. Bxe7 {D36: Queen's Gambit Declined: Exchange Variation: Main line (5 Bg5 c6 6 Qc2).} Qxe7 12. O-O-O Nef6 13. h3 {[#] The position is equal.} a5 $146 ({Predecessor:} 13... b5 14. g4 Re8 15. Ng3 Nb6 16. Nf5 Bxf5 17. gxf5 Ne4 18. Bxe4 dxe4 19. Rhg1 a5 {1-0 (33) Ziegenfuss,A (2052)-Jacoby,A (1635) Braunschweig 2019}) 14. g4 b5 15. Rhg1 b4 16. Nb1 $2 {[#]} (16. Na4 $11 {and White is okay.}) 16... c5 $1 $19 17. g5 c4 (17... hxg5 $17 {Threatens to win with ...cxd4.} 18. Rxg5 Ne4 19. Bxe4 Qxg5) 18. gxf6 $11 Nxf6 19. Bf5 {Hoping for Rg2.} b3 $2 (19... a4 $1 $14 20. Ng3 b3 21. axb3 axb3) 20. axb3 $18 cxb3 21. Qxb3 $4 {[%mdl 8192]} (21. Qd3 $18) 21... Bxf5 $19 22. Nbc3 Rac8 23. Nf4 $2 (23. Kd2) 23... Rb8 (23... Qe4 $2 24. Nd3 $19) 24. Nfxd5 Nxd5 (24... Rxb3 $2 {is the wrong capture.} 25. Nxe7+ Kh7 26. Nxf5 $18) 25. Qxd5 Rfc8 $4 {[%mdl 8192]} (25... Qb4 $19 {[%csl Gb8][%cal Rb4b2] and all is fine.} 26. Qa2 {[#]} (26. Rd2 $2 Qxc3+ 27. Kd1 Rxb2 $19) 26... Rfc8 $1 {[%mdl 512]}) 26. Qxf5 $18 {White stays focused until the end.} Rxc3+ $2 (26... a4 27. Rd2 Qb7) 27. bxc3 Qa3+ 28. Kd2 Rb2+ 29. Kd3 Rb3 30. Qc8+ Kh7 31. Rg3 Qd6 32. Rdg1 {[%csl Gg1][%cal Rg3g7]} g6 33. Qe8 Qa6+ 34. Kd2 Rb2+ 35. Kc1 Rb7 36. Qe4 Qf6 37. Qe5 Qb6 {( -> ...Qb1+)} 38. Kd2 Qb2+ 39. Kd3 Qb5+ 40. Qxb5 Rxb5 41. h4 a4 42. h5 g5 43. Rg4 a3 44. Re4 Ra5 45. Re7 Kg7 46. Rd7 Kf6 47. Rb7 a2 48. Rbb1 (48. Rb6+ $142 Kg7 49. Ra1) 48... a1=Q (48... axb1=Q+ $142 49. Rxb1 g4 50. Rb6+ Kg7) 49. Rxa1 Rd5 50. Rgb1 Rd6 51. Rb6 Rxb6 {[%mdl 4096] Endgame KR-KR} 52. d5 Rd6 53. Ke4 Ke7 54. Kf3 $2 (54. Ra7+ $18 {is more deadly.} Kf6 55. c4) 54... Rd7 $2 {[%mdl 8192]} (54... Rxd5 $16 {is a better chance.} 55. Ra7+ Kf6) 55. Kg2 $2 (55. c4 $18) 55... f5 $2 {[%mdl 8192]} (55... Rxd5 $16 56. Ra7+ Kf6) 56. Ra6 g4 $2 (56... Rxd5 57. Rxh6 Rc5) 57. Re6+ Kf7 58. Rxh6 (58. c4 $142 Rc7 59. Rxh6) 58... f4 (58... Rxd5 $18 59. Kg3 Rd1) 59. Re6 $2 (59. Rh7+ {mates} Ke8 60. Rxd7 Kxd7 61. exf4 Ke8 62. h6 Kf7 63. h7 Kg7 64. d6) 59... f3+ $2 (59... Rxd5 {is tougher.} 60. Re4 fxe3) 60. Kg3 {Accuracy: White = 37%, Black = 18%.} 1-0

[Event "Stay Safe Play From Home 197"]
[Site "T#646544Emanuel Laske"]
[Date "2020.06.03"]
[Round "6"]
[White "Fischer_11"]
[Black "Matanant"]
[Result "1-0"]
[WhiteElo "2047"]
[BlackElo "1623"]
[Annotator "NA RC"]
[PlyCount "71"]
[EventDate "2020.06.03"]
[EventType "swiss (blitz)"]

1. e4 {[%emt 0:00:01]} e5 {[%emt 0:00:01]} 2. Nc3 {[%emt 0:00:03]} d6 {[%emt 0:00:02]} 3. Bc4 {[%emt 0:00:00]} Be6 {[%emt 0:00:02]} 4. Bb5+ {[%emt 0:00:01]} c6 {[%emt 0:00:02]} 5. Ba4 {[%emt 0:00:01]} b5 {[%emt 0:00:01]} 6. Bb3 {[%emt 0:00:00]} Qd7 {[%emt 0:00:01]} 7. d3 {[%emt 0:00:01]} a5 {[%emt 0:00:01]} 8. Bxe6 {[%emt 0:00:04]} Qxe6 {[%emt 0:00:01]} 9. f4 {[%emt 0:00:00]} exf4 {[%emt 0:00:04]} 10. Bxf4 {[%emt 0:00:00]} f5 {[%emt 0:00:02]} 11. Qe2 {[%emt 0:00:03]} fxe4 {[%emt 0:00:01]} 12. Qxe4 {[%emt 0:00:01]} Qxe4+ {[%emt 0:00:01]} 13. Nxe4 {[%emt 0:00:00]} Kd7 {[%emt 0:00:01]} 14. Nf3 {[%emt 0:00:02]} Nf6 {[%emt 0:00:04]} 15. Nxf6+ {[%emt 0:00:03]} gxf6 {[%emt 0:00:01]} 16. O-O {[%emt 0:00:00]} h5 {[%emt 0:00:02]} 17. Rae1 {[%emt 0:00:02]} Bh6 {[%emt 0:00:02]} 18. Bg3 {[%emt 0:00:03]} c5 {[%emt 0:00:03]} 19. Nh4 {[%emt 0:00:00]} Bg5 {[%emt 0:00:04]} 20. Nf5 {[%emt 0:00:05]} Rh7 {[%emt 0:00:02]} 21. Bf4 {[%emt 0:00:01]} Bxf4 {[%emt 0:00:02]} 22. Rxf4 {[%emt 0:00:00]} Nc6 {[%emt 0:00:01]} 23. Rfe4 {[%emt 0:00:02]} Rf8 {[%emt 0:00:02]} 24. c3 {[%emt 0:00:01]} Ne5 {[%emt 0:00:01]} 25. d4 {[%emt 0:00:02]} Ng4 {[%emt 0:00:01]} 26. dxc5 {[%emt 0:00:02]} dxc5 {[%emt 0:00:01]} 27. Rd1+ {[%emt 0:00:02]} Kc7 {[%emt 0:00:01]} 28. Re7+ {[%emt 0:00:02]} Rxe7 {[%emt 0:00:01]} 29. Nxe7 {[%emt 0:00:00]} Ne3 {[%emt 0:00:01]} 30. Rd3 {[%emt 0:00:02]} Nc2 {[%emt 0:00:02]} 31. Nd5+ {[%emt 0:00:01]} Kb7 {[%emt 0:00:02]} 32. Nf4 {[%emt 0:00:00]} Rf7 {[%emt 0:00:01]} 33. Nxh5 {[%emt 0:00:01]} f5 {[%emt 0:00:01]} 34. Nf4 {[%emt 0:00:02]} Ne3 {[%emt 0:00:02]} 35. Rxe3 {[%emt 0:00:01]} Rd7 {[%emt 0:00:02]} 36. Re5 {[%emt 0:00:00] Time (Lag: Av=0.53s, max=0.9s)} 1-0

[Event "Stay Safe Play From Home 197"]
[Site "T#646544Emanuel Laske"]
[Date "2020.06.03"]
[Round "6"]
[White "Haxhi Baha"]
[Black "EL sanbary"]
[Result "1-0"]
[WhiteElo "1994"]
[BlackElo "1908"]
[Annotator "TA"]
[PlyCount "91"]
[EventDate "2020.06.03"]
[EventType "swiss (blitz)"]

{[%evp 13,90,7,9,-88,-108,-102,-104,-108,-127,-126,-22,-19,-20,-40,-50,-83,-73,-65,-33,-240,-113,-105,-13,-187,-35,-44,-43,-176,-190,-182,-160,-232,-227,-318,-213,-389,-362,-456,-445,-412,-374,-382,-140,-523,-133,-535,-478,-1576,-1531,-1344,-682,-604,-453,-951,-399,-29995,-29996,-29996,-29997,-29997,-29984,-29979,-5422,-1623,-585,-502,0,0,0,0,0,0,0,0,1920,36,29976,29977,29999]} 1. e4 c5 2. Nf3 g6 3. d4 cxd4 4. Nxd4 Bg7 5. Nc3 Nc6 6. Be3 Nf6 7. Be2 O-O 8. g4 {B34: Sicilian: Accelerated Dragon with 5 Nc3: sidelines.} (8. Nb3 $11) 8... d5 $17 9. Nxc6 bxc6 10. e5 {Black is better.} Nd7 11. f4 {[#]} e6 (11... g5 $1 $17 {[%mdl 512]} 12. fxg5 Qc7) 12. g5 $1 $11 c5 {[#] Threatens to win with ...d4.} 13. Bf2 $146 ({Predecessor:} 13. Nb5 d4 14. Bd2 Bb7 15. Bf3 Ba6 16. a4 Rb8 17. b3 Qb6 18. Qe2 Rfd8 19. Qf2 Bxb5 20. axb5 Qxb5 21. Rxa7 {0-1 (33) Stamatovic,V (1905)-Milovic,J (2380) Cetinje 2012}) 13... Bb7 14. Rg1 Qb6 15. Rb1 d4 {[#] White must now prevent ...Bc6.} 16. Na4 $2 (16. b4 $1 $15 {[%mdl 512]}) 16... Qc6 (16... Qa5+ $1 $19 17. c3 Bc6) 17. b3 $17 Ba6 (17... Qe4 $17 18. b4 Ba6 19. Nxc5 Nxc5 20. bxc5 Rab8) 18. Rg3 $2 (18. Bf3 $11 {and White stays safe.} Qc8 19. c3) 18... Bxe2 $2 ({Black should try} 18... Qe4 $19 {Strongly threatening ...Bxe2.} 19. Rf3 Rab8) 19. Qxe2 $15 Nb6 $36 {[%mdl 2048] Black fights for an advantage.} 20. h4 ({White should play} 20. Qf3 $15 Qc7 21. Nxb6 axb6 22. a4) 20... Nxa4 $19 21. bxa4 Qxa4 22. h5 (22. Rgb3 $17 {was necessary.}) 22... Qxa2 23. Rd1 (23. Rgb3 $142) 23... Rab8 24. Rh3 $2 (24. h6 Bh8 25. Rc1) 24... Rb1 25. Kf1 Rxd1+ 26. Qxd1 a5 27. Kg2 {White hopes to continue with h6.} a4 $2 (27... Rb8 $19 28. h6 Rb1) 28. Qd3 $2 {[%mdl 8192]} (28. h6 $17) 28... a3 $2 (28... Rb8 $19 {and Black stays clearly on top.} 29. hxg6 hxg6) 29. hxg6 $2 {[%mdl 8192]} (29. Qxa3 $17 {was the crucial defense.} Qxc2 30. h6) 29... fxg6 30. Qa6 (30. Qb3 $142 Qxb3 31. Rxb3) 30... Qd5+ 31. Kg1 a2 {Hoping for ...Ra8.} 32. Ra3 Rxf4 {And now ...Rg4+ would win.} 33. Rxa2 (33. Qa8+ $142 Qxa8 34. Rxa8+ Kf7 35. Rxa2) 33... Qf3 (33... Rg4+ $142 34. Kf1 Bf8) 34. c4 $2 (34. Qa8+ $19 Bf8 35. Qxf3 Rxf3 36. Ra8) 34... Rg4+ {[%mdl 64] Double Attack} 35. Kf1 Qd1+ 36. Be1 Rf4+ 37. Kg2 Qg4+ (37... Qxe1 $142 38. Qxe6+ Kh8 39. Qc8+ Bf8 40. Qh3 Rh4 41. Qxh4 Qxh4 42. Rf2 Be7 43. Ra2 Qe4+ 44. Kg3 Bxg5 45. e6 d3 46. Kf2 d2 47. Rxd2 Bxd2 48. e7 Qxe7 49. Kf3 Be1 50. Kg2 Qe2+ {[%mdl 64] Double Attack} 51. Kh1 Bg3 52. Kg1 Qh2+ 53. Kf1 Qf2#) 38. Bg3 Qf3+ (38... Bxe5 $142 {( -> ...Qf3+)} 39. Qa3 Rf5) 39. Kh2 Rg4 $2 (39... Qh5+ $19 40. Kg2 Qg4) 40. Qc8+ $11 {[%mdl 64] Double Attack} Bf8 41. Qxe6+ Kh8 42. Qf6+ Qxf6 43. exf6 {Ra8! is the strong threat.} d3 $2 {[%mdl 8192] [#]} ({Reject} 43... Rxg5 $6 44. Ra8 $1 $16 {[%mdl 512]}) (43... Kg8 $11 44. Ra8 Kf7 45. Ra7+ Ke6 46. Ra6+ Kd7 47. Ra7+ Ke6 48. Ra6+ Kf7 49. Ra7+ Ke6) 44. Be5 $2 ({Only move:} 44. Ra8 $1 $18 {[%cal Ra8f8][%mdl 512]} Kg8 {[#]} 45. Bd6 $1 {[%mdl 512]}) 44... Kg8 $2 {[%mdl 8192]} (44... Rxg5 $14 45. Ra8 Kg8) 45. Ra7 {[%csl Ga7][%cal Rf6f7]} Rxg5 46. f7# {Accuracy: White = 28%, Black = 34%.} 1-0

[Event "Stay Safe Play From Home 197"]
[Site "T#646544Emanuel Laske"]
[Date "2020.06.03"]
[Round "6"]
[White "Trotsky"]
[Black "Germanicus G"]
[Result "1-0"]
[WhiteElo "1595"]
[BlackElo "1257"]
[Annotator "NA RC"]
[PlyCount "29"]
[EventDate "2020.06.03"]
[EventType "swiss (blitz)"]

1. d4 {[%emt 0:00:02]} e6 {[%emt 0:00:00]} 2. e3 {[%emt 0:00:00]} d5 {[%emt 0:00:01]} 3. c4 {[%emt 0:00:01]} c6 {[%emt 0:00:01]} 4. Nc3 {[%emt 0:00:01]} Nf6 {[%emt 0:00:01]} 5. Nf3 {[%emt 0:00:01]} Bb4 {[%emt 0:00:02]} 6. Qc2 {[%emt 0:00:01]} O-O {[%emt 0:00:02]} 7. c5 {[%emt 0:00:01]} Ne4 {[%emt 0:00:02]} 8. Bd3 {[%emt 0:00:01]} Bxc3+ {[%emt 0:00:05]} 9. bxc3 {[%emt 0:00:01]} f5 {[%emt 0:00:02]} 10. h4 {[%emt 0:00:01]} Nd7 {[%emt 0:00:03]} 11. g4 {[%emt 0:00:01]} fxg4 {[%emt 0:00:02]} 12. Ng5 {[%emt 0:00:01]} Nxf2 {[%emt 0:00:12]} 13. Bxh7+ {[%emt 0:00:02]} Kh8 {[%emt 0:00:03]} 14. Bg8 {[%emt 0:00:01]} Ne4 {[%emt 0:00:11]} 15. Bd2 {[%emt 0:00:05] Zeit (Lag: Av=0.19s, max=0.5s) '} 1-0

[Event "Stay Safe Play From Home 197"]
[Site "T#646544Emanuel Laske"]
[Date "2020.06.03"]
[Round "7"]
[White "Broken sword"]
[Black "Lazieri3"]
[Result "1-0"]
[WhiteElo "2437"]
[BlackElo "2041"]
[Annotator "TA"]
[PlyCount "87"]
[EventDate "2020.06.03"]
[EventType "swiss (blitz)"]

{[%evp 17,86,2,3,0,0,0,0,0,0,0,110,114,100,109,122,121,123,119,127,111,148,131,156,141,166,129,142,107,192,181,636,625,2236,2175,29973,29974,29974,29975,29975,29976,29979,29980,29980,29981,29981,29982,29983,29981,29989,29990,29990,29988,29990,29991,29991,29991,29991,29992,29993,29994,29994,29995,29995,29996,29996,29997,29997,29998,29998,29998,29999]} 1. d4 c6 2. Nf3 d5 3. c4 Nf6 4. cxd5 cxd5 5. Nc3 Nc6 6. Bf4 Bf5 7. e3 e6 8. Bd3 Bxd3 9. Qxd3 Bd6 10. Bg5 {D14: Slav Defence: Exchange variation with ...Bf5.} h6 11. Bh4 O-O 12. O-O {The position is equal.} Be7 13. Rac1 {[#]} Ne4 $146 (13... Nd7 $11 14. Bg3 Rc8) ({Predecessor:} 13... a6 14. Na4 Nd7 15. Bxe7 Qxe7 16. Nc5 Nxc5 17. Rxc5 Rad8 18. Qb3 Rd7 19. Rfc1 {1-0 (19) Kim,S (2290)-Klyashtorny,V (2331) Internet 2006}) 14. Bxe7 $16 Qxe7 15. Nxe4 {[#] And now Ned2 would win.} dxe4 16. Qxe4 Rac8 17. a3 Qd6 18. Nd2 g6 19. b4 h5 20. g3 a6 21. Nb3 b6 22. Rc2 a5 (22... Ne7 $16) 23. Rfc1 $18 {[%cal Rc2c6]} axb4 $2 {[#]} (23... Ne7) 24. Rxc6 Qd5 25. Qxd5 exd5 26. Rxc8 {White mates.} bxa3 27. Rxf8+ Kxf8 28. Ra1 b5 29. Rxa3 b4 30. Ra4 Kg7 31. Rxb4 h4 32. Rb5 h3 33. Rxd5 g5 34. Nd2 g4 35. Ne4 Kg6 36. Nd6 f5 37. Rxf5 Kh6 38. e4 Kg6 39. e5 Kh6 40. e6 Kg6 41. e7 Kh7 42. e8=Q Kg7 43. Qe7+ Kh8 44. Rf8# {Black got outplayed after the opening. Accuracy: White = 92%, Black = 38%.} 1-0

[Event "Stay Safe Play From Home 197"]
[Site "T#646544Emanuel Laske"]
[Date "2020.06.03"]
[Round "7"]
[White "Little champs"]
[Black "Mepe_Nika"]
[Result "1-0"]
[WhiteElo "2252"]
[BlackElo "2329"]
[Annotator "TA"]
[PlyCount "111"]
[EventDate "2020.06.03"]
[EventType "swiss (blitz)"]

{[%evp 9,110,-8,0,0,1,3,6,6,11,5,0,0,0,2,7,0,3,-2,-17,-115,-113,-127,-35,-35,316,309,527,-83,-90,-113,-114,-103,-114,-135,-93,-125,-102,-896,-97,-449,-117,-530,0,-126,-94,-402,-402,-402,-402,-402,-402,-395,-387,-480,-481,-557,-552,-557,-555,-1004,-985,-933,-901,-925,-666,-1087,5614,5617,5614,5608,5477,5471,5081,5057,5493,5097,29972,29969,29973,29971,29969,29971,29969,29970,29981,29982,29982,29983,29985,29986,29986,29987,29988,29988,29990,29990,29992,29993,29993,29994,29998,29999,29999]} 1. d4 c5 2. e3 cxd4 3. exd4 d5 4. Nf3 Nc6 5. Be2 Bg4 6. O-O {B13: Caro-Kann: Exchange Variation and Panov-Botvinnik Attack.} e6 7. h3 Bh5 8. c3 {The position is equal.} Nf6 9. Ne5 Bxe2 10. Qxe2 Nxe5 11. dxe5 Nd7 {[#]} 12. f4 $146 ({Predecessor:} 12. Nd2 Qc7 13. f4 Bc5+ 14. Kh1 O-O 15. Nf3 Rfe8 16. Bd2 a6 17. c4 dxc4 18. Qxc4 {1-0 (39) Lewicki,M (2326)-Tritt,M Katowice 2017}) 12... Bc5+ 13. Kh1 O-O 14. f5 (14. Nd2 $11 {remains equal.}) 14... exf5 $17 15. Rxf5 Qh4 (15... Qb6 $17 16. Nd2 Qe6) 16. Bg5 $15 Qg3 $2 {[%mdl 8192]} (16... Qe4 $15 {keeps the upper hand.} 17. Qxe4 dxe4) 17. Nd2 $1 $18 {[%cal Rd2f1] Nf1 is the strong threat.} Rae8 $2 (17... h6 {is a better defense.}) 18. Raf1 $2 (18. Nf1 $18 Rxe5 19. Nxg3 Rxe2 20. Nxe2) 18... Rxe5 $17 19. Rxe5 Qxe5 $40 {[%mdl 128] Black wants a kill.} (19... Nxe5 $2 {perishes.} 20. Bf4 $18) 20. Qg4 Qe6 21. Qg3 Bd6 22. Qf2 Ne5 23. Re1 $2 {[%mdl 8192] [#]} (23. Qxa7 $17 Nd3 24. Qd4 Nxb2 25. Bf4) 23... f6 $2 (23... Nd3 $1 $19 {[%mdl 512]} 24. Qe3 Nxe1) 24. Bf4 $2 {[%mdl 8192] [#]} (24. Bh4 $17) 24... Qf5 $2 (24... Nd3 $1 $19 25. Rxe6 Nxf2+ 26. Kg1 Bxf4 27. Kxf2 Bxd2) 25. Qd4 $2 {[%mdl 8192]} (25. Qf1 $17 {is more resistant.}) 25... Qe6 $2 ({Better is} 25... Nc6 $19 26. g4 Qxf4 27. Qxf4 Bxf4) 26. Re3 (26. Qf2 $11) 26... b6 {And now ...Bc5 would win.} 27. Nf3 $2 {[%mdl 8192]} (27. Nb3 $17) 27... Bc5 $19 28. Rxe5 fxe5 29. Qxe5 Qxe5 30. Bxe5 {[%mdl 4096] Endgame KRB-KBN} Re8 31. b4 Be7 32. Bd4 Bf6 33. Kg1 Bxd4+ 34. cxd4 {KR-KN} Re2 35. a3 Ra2 36. Ne5 Rxa3 37. Nc6 Ra5 $4 {[%mdl 8192]} (37... a5 $19 38. bxa5 bxa5) 38. bxa5 $18 bxa5 39. Nxa5 {KN-KP} Kf7 40. Kf2 Ke6 41. Ke3 Kd6 42. Kd3 g5 43. Kc3 {White mates.} Ke6 44. Kb4 Kf5 45. Kc5 Ke4 46. Nc6 a6 47. Nb4 a5 48. Nxd5 {KN-K3P} a4 49. Nb4 Kf4 50. d5 g4 51. hxg4 Kg5 52. d6 Kf6 53. d7 Ke7 54. Kc6 Kd8 55. Kd6 {[%cal Rb4c6]} a3 56. Nc6# {A wild game. Accuracy: White = 55%, Black = 53%.} 1-0

[Event "Stay Safe Play From Home 197"]
[Site "T#646544Emanuel Laske"]
[Date "2020.06.03"]
[Round "7"]
[White "Lamborghini"]
[Black "Toosieslide"]
[Result "0-1"]
[WhiteElo "2199"]
[BlackElo "2220"]
[Annotator "TA"]
[PlyCount "68"]
[EventDate "2020.06.03"]
[EventType "swiss (blitz)"]

{[%evp 20,67,8,11,17,-131,36,47,231,200,331,329,335,331,367,344,500,472,850,336,333,250,248,77,143,146,195,185,217,211,210,204,218,177,260,216,634,620,609,612,587,392,364,182,219,228,410,388,440,-29999]} 1. e4 e5 2. Nf3 Nc6 3. Bb5 a6 4. Ba4 Nf6 5. Qe2 b5 6. Bb3 Be7 7. O-O d6 8. c3 O-O 9. d4 exd4 10. cxd4 Bg4 11. Rd1 Re8 {C86: Closed Ruy Lopez: Worrall Attack.} 12. e5 (12. Nc3 $11) 12... Bf8 $2 (12... dxe5 $17 {And now ...e4 would win.} 13. dxe5 Bd6 $1 {[%mdl 576] Pin}) 13. h3 $14 {[#]} Bxf3 $146 (13... Bh5 $1 $14) ({Predecessor:} 13... Bh5 14. g4 Bg6 15. e6 d5 16. Ng5 fxe6 17. Nc3 h6 18. Nxe6 Qd6 19. Bf4 Qxe6 20. Qxe6+ Rxe6 21. Nxd5 Nxd5 22. Bxd5 {1-0 (27) Ramirez Madrid,G (1618)-Chisco,J Cali 2015}) 14. Qxf3 $18 {[%mdl 64] Double Attack} dxe5 (14... Nxd4 $142 15. Rxd4 Rxe5) 15. Qxc6 {Hoping for dxe5.} exd4 16. Bf4 Ra7 17. Nd2 Qe7 (17... Qa8 {was worth a try.} 18. Rac1 Qxc6 19. Rxc6 a5) 18. Nf3 Qe4 {[#]} (18... Qc5 $142) 19. Qxe4 $2 (19. Bxf7+ $1 {[%mdl 512]} Kh8 (19... Kxf7 20. Ng5+) 20. Bxe8 Qxe8 21. Nxd4) 19... Rxe4 20. Bg3 c5 21. Ng5 $2 (21. a4 $18 {and White stays clearly on top. axb5 is the strong threat.} c4 22. axb5 (22. Nxd4 Rd7 $14) (22. Rxd4 Rxd4 23. Nxd4 Rd7 $11) 22... cxb3 23. Nxd4) 21... Re8 (21... Re2 $142) 22. Bc2 $16 h6 23. Nf3 Rae7 24. b4 cxb4 25. Nxd4 Rc8 26. Bb3 Re4 (26... Ne4 $142 27. Nf5 Ra7) 27. Nf5 g6 $2 (27... a5 28. Bd6 a4) 28. Nd6 $18 Bxd6 29. Rxd6 Kg7 30. Rad1 a5 31. R1d2 (31. f3 $142 Re7 32. Bf2) 31... a4 32. Bd1 Rc1 $2 (32... Re1+ 33. Kh2 Ne4) 33. Kh2 Re1 {intending ...b3.} 34. Bf3 $4 {[%mdl 8192]} (34. f3 $18 Re8 35. Be2) 34... Rh1# {Accuracy: White = 39%, Black = 16%.} 0-1